000 01128nam a22002057a 4500
001 5660
003 FISKH
005 20250109144027.0
008 250109b cb ||||| |||| 00| 0 eng d
020 _a9780199126682
040 _aFISKH
_beng
_cFISKH
_dFISKH
082 _a428.0071
100 _aMertin, Patricia
245 _aEnglish : An interantional approach :
_bTeacher's guide 1 /
_cby Patricia Mertin
260 _aOxford :
_bOxford University Press ;
_c2009.
300 _a64 pages :
_billustrations ;
_c28 cm .
520 _aProviding methodology, templates, photocopiable worksheets, lesson plans and a CD with listening material, this teachers' guide will assist the day to day planning of English for students aged 11-16 of all abilities. Each guide contains lesson plans with suggestions for additional activities,rubrics for the writing assignments, full answers to the student book and workbook as well as a CD packed full of poetry, prose and non-fiction for listening and comprehension skill development which students of all ability levels will enjoy listening to.
942 _2ddc
_cBK
_n0
999 _c5660
_d5660